Plaidoyer pour la mondialisation (notice n° 1512626)
[ vue normale ]
| 000 -LEADER | |
|---|---|
| fixed length control field | 01596cam a2200169 4500500 |
| 005 - DATE AND TIME OF LATEST TRANSACTION | |
| control field | 20251012001536.0 |
| 041 ## - LANGUAGE CODE | |
| Language code of text/sound track or separate title | fre |
| 042 ## - AUTHENTICATION CODE | |
| Authentication code | dc |
| 100 10 - MAIN ENTRY--PERSONAL NAME | |
| Personal name | Bhagwati, Jagdish |
| Relator term | author |
| 245 00 - TITLE STATEMENT | |
| Title | Plaidoyer pour la mondialisation |
| 260 ## - PUBLICATION, DISTRIBUTION, ETC. | |
| Name of publisher, distributor, etc. | Odile Jacob,<br/> |
| Date of publication, distribution, etc. | 2010.<br/> |
| 520 ## - SUMMARY, ETC. | |
| Summary, etc. | Dans le débat passionné qui fait rage autour de la mondialisation, ses critiques font valoir les nombreux maux qu’elle inflige aux pays pauvres, du travail des enfants à la dégradation écologique en passant par l’homogénéisation culturelle. Jagdish Bhagwati répond ici à ces arguments souvent avancés contre la libéralisation des échanges mondiaux. La mondialisation, si elle est bien conduite, est bien la force la plus puissante de progrès social dans le monde. Accroît-elle ou réduit-elle la pauvreté ? Favorise-t-elle vraiment le travail des enfants ? Nuit-elle aux femmes ? Met-elle en péril les spécificités culturelles ? Déséquilibre-t-elle les salaires ? Ravage-t-elle l’environnement ? Fait-elle le jeu des entreprises les plus prédatrices ? Tous les grands arguments antimondialisation sont passés au crible. Avec, au bout du compte, une interrogation cruciale : quelle gouvernance pour une mondialisation bien conduite ? « L’un des grands théoriciens du commerce international. » Wall Street Journal. |
| 700 10 - ADDED ENTRY--PERSONAL NAME | |
| Personal name | Bessières, Michel |
| Relator term | author |
| 700 10 - ADDED ENTRY--PERSONAL NAME | |
| Personal name | Botz, Agnès |
| Relator term | author |
| 700 10 - ADDED ENTRY--PERSONAL NAME | |
| Personal name | Centre national du livre |
| Relator term | author |
| 856 41 - ELECTRONIC LOCATION AND ACCESS | |
| Uniform Resource Identifier | <a href="https://shs.cairn.info/plaidoyer-pour-la-mondialisation--9782738124456?lang=fr&redirect-ssocas=7080">https://shs.cairn.info/plaidoyer-pour-la-mondialisation--9782738124456?lang=fr&redirect-ssocas=7080</a> |
Pas d'exemplaire disponible.




Réseaux sociaux